Statistics for U.S. Presidents That Ran Unopposed

Click here to take the quiz!

General Stats

  • This quiz has been taken 77 times
  • The average score is 3 of 6

Answer Stats

Answer% Correct
George Washington
95%
James Monroe
69%
1788-1789
30%
1792
25%
1820
17%

Score Distribution

Percentile by Number Answered

Percent of People with Each Score

Your Score History

You have not taken this quiz